| 000 | 01310nam a22003617a 4500 | ||
|---|---|---|---|
| 003 | CHAP | ||
| 005 | 20220817040859.0 | ||
| 008 | 971013s1991 r 00010 d | ||
| 010 | _a2010 | ||
| 011 | _a2982 | ||
| 035 | _a2182 | ||
| 040 | _cCHAP | ||
| 090 | _aTesis | ||
| 100 | 0 | 0 |
_aRebolledo Robles, Héctor Hugo. _994964 |
| 245 |
_aMetodología para estimar funciones generalizadas de producción con fines de generar recomendaciones _b: considerando factores de suelo, clima, manejo y el riesgo climático |
||
| 260 |
_aMontecillo, Méx. : _bEl autor, _c1991 |
||
| 300 |
_aIx, 176 h. _b: ilus; gráfs. |
||
| 500 | _aD44-40 | ||
| 502 | _aTesis (Doctor en Ciencias Esp. en Ciencias) -- CP. Centro de Edafología | ||
| 590 |
_aALEPH _b10 _c20130110 _lUCH01 _h1211 |
||
| 590 |
_aBATCH-UPD _b10 _c20130110 _lUCH01 _h1211 |
||
| 590 |
_aBATCH-UPD _b10 _c20130410 _lUCH01 _h0749 |
||
| 590 |
_aBATCH-UPD _b10 _c20130914 _lUCH01 _h1405 |
||
| 590 |
_aCONVERSION _b10 _c20130109 _lUCH01 _h1302 |
||
| 650 | 1 | 4 |
_aFertilizantes para maíz. _940625 |
| 650 | 1 | 4 |
_aMaíz _xEfecto del clima. _970934 |
| 650 | 1 | 4 |
_aMaíz _xEfecto del medio ambiente. _970935 |
| 650 | 1 | 4 |
_aMaíz _zPuebla. |
| 901 | _aBK | ||
| 942 | _cFOLL | ||
| 949 |
_bBC _cTES _d-11680 _eTS1 _h23956 _i2182 _si |
||
| 949 |
_bBC _cTES _d-71445 _eTS2 _fc.2 _h23957 _i2182 _si |
||
| 999 |
_c2010 _d2010 |
||